| 000 | 00964nam a2200361 a 4500 | ||
|---|---|---|---|
| 003 | AR-BaBNM | ||
| 005 | 20251128205802.0 | ||
| 008 | 082120s2002 ||||||||||||||000 | spa|| | ||
| 020 | _a84-7043-544-2 | ||
| 040 | _cAR-BaBNM | ||
| 100 | 1 | _aDíaz, Carlos | |
| 245 | 0 | 0 | _aEducar en la utopía |
| 260 |
_aMadrid _bCCS _c1989 |
||
| 300 | _a140 p. | ||
| 490 | 0 |
_aDocumentación y Servicio _vv. 60 |
|
| 500 | _aLista de otras obras del autor: p. 137-138 | ||
| 650 | 4 | _aEDUCACION | |
| 650 | 4 | _aCULTURA CONTEMPORANEA | |
| 650 | 4 | _aFILOSOFIA CULTURAL | |
| 650 | 4 | _aHISTORIA CULTURAL | |
| 650 | 4 | _aFINALIDADES DE LA EDUCACION | |
| 650 | 4 | _aFILOSOFIA DE LA EDUCACION | |
| 650 | 4 | _aJUVENTUD | |
| 650 | 4 | _aLENGUAJE | |
| 650 | 4 | _aAUTOGESTION | |
| 650 | 4 | _aUTOPIA | |
| 650 | 4 | _aEDUCACION ESTETICA | |
| 650 | 4 | _aEDUCACION CRISTIANA | |
| 651 | 4 | _aEspaña | |
| 810 | 2 | _aCentro Nacional Salesiano de Pastoral Juvenil | |
| 942 | _cBK | ||
| 998 | _carturo | ||
| 999 |
_c12803 _d12803 |
||